Quizzes
Events
Quiz Creation
Community
Videos
Private Events
Remove Ads
Sign In
Join for FREE
Feedback
Dark Mode
Quiz Categories
Sports
Geography
Music
Movies
Television
Just For Fun
Miscellaneous
History
Literature
Language
Science
Gaming
Entertainment
Religion
Holiday
For Kids
Quiz Lab
Recent
Popular Today
Quiz Kudos Today
Editor Picks
Curator Picks
Quizzes by...
Day
Popularity
Type
Ratings
Length
Year
Community
Subscriptions
Recent Discussions
Orange Saloon
Badges
Playlists
Quests
Create
Leaderboards
Showdown
Live 5
Trivia Bingo
Activity
Puzzle Library
Sporcle Events
Private Events
Virtual Trivia
Globe League
Become a Host
Pub Owners
SporcleCon
Opinionation
Our Games
Videos
Blog
Mobile Apps
Partnerships
Remove Ads and Go Orange
Feedback
Music
Pop Music
The Beatles
Song
Album
Lyrics
Bands
Singers
Artist
Clip
Rock
Rap
Classical
Billboard
Country Music
Kpop
Taylor Swift
Music
Pop Music
The Beatles
Song
Album
Lyrics
Bands
Singers
Artist
Clip
Rock
Rap
Classical
Billboard
Country Music
Kpop
Taylor Swift
Random Quiz
Search Sporcle
×
Quiz Lab
Quiz Lab
Music
Lyrics
Type in answers that appear in a list
Type in answers that appear in a list
Classic
Best Score? Go Orange.
Neil Young First Lyric Stats
Can you name the Neil Young First Lyric?
By
drjones44
7m
20 Questions
729 Plays
729 Plays
729 Plays
Comments
Comments
Give Quiz Kudos
Give Quiz Kudos
-
- Ratings
hide this ad
Forced Order
Answers have to be entered in order
Answers have to be entered in order
Random Order
Randomize order of answers
Randomize order of answers
Replay
Link that replays current quiz
Next Quiz
Link to next quiz in quiz playlist
You Got
0%
They Got
Avg Score
50%
Avg Friend Score
Upgrade to see
Score Distribution
Jump to the score distribution portion of the page
Score
0/20
Timer
07:00
0
Plays Today
Lyric
Song
% Correct
I want to live, I want to give I've been a miner for a *Title*.
Heart of Gold
90.9%
*Title* better keep your head Don't forget what your good book said
Southern Man
84.5%
I caught you knockin' at my cellar door I love you, baby, can I have some more
Needle and the Damage Done
80.2%
Be on my side, I'll be on your side, baby There is no reason for you to hide
Down By the River
79.1%
There is a town in north Ontario, With dream comfort memory to spare, And in my mind I still need a place to go, All my changes were there.
Helpless
77%
There's colors on the street Red, white and blue People shufflin' their feet People sleepin' in their shoes
Rockin' In the Free World
75.3%
He came dancing across the water With his galleons and guns Looking for the new world In that palace in the sun.
Cortez the Killer
73.7%
Come a little bit closer Hear what I have to say Just like children sleepin' We could dream this night away.
Harvest Moon
72.3%
Once I thought I saw you in a crowded hazy bar, Dancing on the light from star to star.
Like a Hurricane
68%
Aurora borealis The icy sky at night Paddles cut the water In a long and hurried flight
Pocahontas
56.1%
Lyric
Song
% Correct
Don't call pretty Peggy, she can't hear you no more Don't leave no message 'round her back door.
Old Laughing Lady
42.2%
She used to work in a diner Never saw a woman look finer I used to order just to watch her float across the floor
Unknown Legend
42.2%
*Title*, *Title* You run the show Remote control
Transformerman
31%
Mindless drifter on the road Carry such an easy load It's how you look, and how you feel You must have a heart of steel.
****' Up
30.6%
*Title* he flies alone And he rides the wind back to his home Although his wings have turned to stone
Dangerbird
25.8%
You know I lose, you know I win You know I call for the shape I'm in.
World On a String
24.6%
Come Late one night I was walking in the valley of hearts. A spirit came to me and said: You gotta move to starte a little bit closer Hear what I have to say Just like children sle
Love to Burn
19.6%
I'm an accident I was driving way too fast Couldn't stop though So I let the moment last
I'm the Ocean
16%
Trying to remember what my daddy said Before too much time took away his head
Prairie Wind
15.9%
Here in the conscious world We place our theories down Why man must bring us to our knees
Throw Your Hatred Down
10.6%
Quiz Playlist
Details
Report
Send in Message
Add To Playlist
Classic:
Type in answers that appear in a list
Forced Order:
Answers have to be entered in order
Random Order:
Randomize order of answers
Last Updated: Feb 16, 2017
Quiz Scoreboard
CHALLENGE
Sign Up to Join the Scoreboard
Show All
Scores
Hide
Comments
May contain spoilers
Recently Published
9x9 Crossword: Cartoon Network
by jackfrog10
Miscellaneous
3m
College Basketball Coaching Resumes
by pancakes188
Sports
9m
Billboard Blitz: Fleetwood Mac
by CooCooCachoo
Music
15s
More to Explore
Quiz From the Vault
Featured Blog Post
Where Did the Easter Bunny Come From?
hide this ad
You Might Also Like...
Tags
Lyrics Quiz
Song Quiz
first
neil
Neil Young
Young
Today's Top Quizzes in Music
Browse Music
hide this ad
Today's Top Quizzes in Lyrics
Browse Lyrics
Top Contributed Quizzes in Music
1
Taylor Swift All Songs (2024)
2
Guess the Artist- 70s Songs
3
7-to-1: Billboard Hot 100 #1 Hits of 2010s
4
Sorting Albums and Songs
5
Taylor Swift Logic Puzzle
6
KPOP LOGIC QUIZ
7
Guess the Taylor Swift song (Mystery Song)
8
Guess The Taylor Swift Lyrics Song #1
9
Billboard Blitz: ABBA
10
One Thing in Common: Music
Explore More
Trending Topics
Disney
Marvel
NBA
Crossword
Harry Potter
Kpop
Anime
Pokémon
NFL
Song
The Office
Country
Soccer
WWE
Puzzle
hide this ad
More By:
drjones44
Quiz
Plays
Rating
Category
Featured
Created
Ratchet and Clank games
1,566
3.67
Gaming
Dec 13, 2009
Neil Young First Lyric
729
4.20
Music
Nov 25, 2009
Elements that do not end in -ium
639
4.31
Science
Jan 18, 2010
Animated TV Shows
417
3.67
Television
Nov 25, 2009
Call Of Duty Zombies: Maps & Characters
32
Gaming
Nov 7, 2013
Go to Creator's Profile
Score Distribution
Quiz Creator Spotlight
drjones44
Follow
Send a Message
Quizzes Created
-
Created Quiz Play Count
-
More By This Creator
Popular Quizzes Today
1
Find the US States - No Outlines Minefield
2
Find the Countries of Europe - No Outlines Minefield
3
The Countries of the World
4
Find the US States
5
Risky Map Clicking: Biggest States A-Z
6
US States
7
Popular People in 1961
8
Movies - When Are They Set?
More Music Quizzes
Na Na Na Song Clip
Curator's Pick
Trending Quizzes
Risky Map Clicking: Least Populous States A-Z
1-10 Letter G Words
1-10 Letter F Words
Risky Map Clicking: Next State Alphabetically
Adjectives in 80s TV Shows
Recently Updated
Leaping Animals
pecheneg
Reality TV Shows (A-Z)
bhenderson79
Rickey Henderson's Hall of Fame Teammates
pecheneg
Champions League XIs: Arsenal
pecheneg
Quick Pick: Celebrities in WWE's Hall of Fame
aduchscher
A-Z Keypad Blitz II
pecheneg
Multiple Oscar Actors
pecheneg
Mystery Phrase Blitz: Oscar 'Best Actors'
pecheneg
F. Scott Fitzgerald Novels
LTH
Pick 3 Villains
ddd62291
Trending Topics
Crossword
Anime
Kpop
NBA
Disney
Harry Potter
Marvel
Puzzle
NFL
Pokémon
WWE
Country
The Office
Song
Soccer
Your Account Isn't Verified!
In order to create a playlist on Sporcle, you need to verify the email address you used during registration. Go to your
Sporcle Settings
to finish the process.
Report this User
Report this user for behavior that violates our
Community Guidelines
.
Details:
Send Report
Go to the Sporcle.com Mobile Site →
Comments